000 00238nam a22001097a 4500
041 _aENG
100 _aVijaywargiya.U.S
245 _aFluid Mechanics
260 _aJabalpur
_bG.k Publishers
_c1993
650 _aIDE
856 _uIDE ( 18 )
999 _c1493
_d1493